000 006600000a22001690004500
003 MACL
005 20160506161227.0
008 160506b xxu||||| |||| 00| 0 eng d
040 _aMACL
_cMACL
041 _aHindi
082 _a800 THA
100 _aठाकुर, अवनीन्‍द्रनाथ
_955508
245 _aसंस्‍मरण : अवनीन्‍द्रनाथ ठाकुर
_bजोडासांकोर धारे
_cअवनीन्‍द्रनाथ ठाकुर
260 _aजयपुर
_bअनु प्रकाशन
_c2011
650 _aसंस्‍मरण
_954854
942 _cHIN
_2ddc
999 _c46373
_d46373